Loading...

A DESCRIPTIVE CATALOGUE OF MALAYALAM MANUSCRIPTS IN THE CURATORS OFFICE LIBRARY TRIVANDRUM

Bibliographic Details
Main Author: MAHADEVA SASTRI K
Format: Printed Book
Published: TRIVANDRUM V V 1940
Subjects:
LEADER 00609nam a2200169 4500
020
082 |a 025.341 2 MAH 
100 |a MAHADEVA SASTRI K 
245 |a A DESCRIPTIVE CATALOGUE OF MALAYALAM MANUSCRIPTS IN THE CURATORS OFFICE LIBRARY TRIVANDRUM  |h English 
250
260 |a TRIVANDRUM  |b V V  |c 1940 
300 |a 428 p  |f HB 
650 |a A DESCRIPTIVE CATALOGUE OF MALAYALAM MANUSCRIPTS IN THE CURATORS OFFICE LIBRARY TRIVANDRUM 
700
942 |c REF 
999 |c 150980  |d 150980 
952 |0 0  |1 0  |3 V1  |4 0  |6 025_341000000000000_2_MAH  |7 0  |9 164440  |a ORI  |b ORI  |l 0  |o 025.341 2 MAH  |p ORI3504/M  |r 2019-10-25  |w 2019-10-25  |y REF